000 005910000a22001810004500
090 _aAR
_b01199
245 1 0 _aNew species of water bat, genus Neusticomys anthony, from the Andes of Venezuela
650 1 4 _aRoedores
_97408
650 1 4 _aTaxonomía animal
_98245
650 1 4 _aNuevas especies
_992905
651 4 _lCordillera de los Andes
_pVenezuela
_992749
653 _gNeusticomys
_eNeusticomys mussoi
041 0 _aInglés
700 1 _aSoriano M., Pascual J.
_994184
100 1 _aOchoa G., José
_912291
942 _cARTICULO
773 1 _tJournal of Mammalogy
_3106
_h1
_q97-103
_d1991
_g72
999 _c10285
_d10285